100 Décimales de PI - Statistiques

Statistiques générales
  • Ce quiz a été pris 812 fois
  • Le résultat moyen est 54 sur 100
Statistiques - réponses
Décimales % Correct
1
100%
4
100%
1
98%
5
98%
9
96%
2
95%
5
90%
6
90%
3
89%
5
87%
8
84%
9
84%
7
81%
9
81%
2
80%
3
80%
3
80%
8
79%
4
78%
6
77%
2
76%
6
76%
4
75%
3
73%
3
73%
8
72%
3
71%
2
69%
7
69%
9
68%
5
67%
0
65%
2
62%
8
61%
4
60%
8
60%
1
59%
9
58%
1
57%
7
57%
6
55%
9
55%
3
54%
9
53%
1
52%
3
52%
5
52%
9
52%
0
51%
5
51%
7
51%
8
50%
0
49%
2
49%
9
48%
7
47%
4
46%
9
46%
4
45%
4
45%
5
44%
9
44%
0
43%
2
43%
3
43%
7
42%
8
41%
1
40%
6
39%
4
38%
0
36%
6
36%
2
35%
6
34%
8
34%
0
33%
2
33%
8
33%
9
32%
9
32%
6
30%
8
30%
2
29%
8
29%
0
28%
3
27%
4
27%
2
26%
5
26%
8
26%
3
25%
4
25%
0
24%
1
24%
1
24%
2
24%
6
24%
7
24%
7
24%
9
24%
Aucun quiz correspondant
Distribution des résultats
% des personnes avec chaque résultat
Percentile par nombre de réponses
Votre historique - résultats
Vous n’avez pas pris ce quiz